Biggest counties in England - Statistics

General Stats
  • This quiz has been taken 24 times
  • The average score is 16 of 20
Answer Stats
Region Answer % Correct
South East Essex
92%
South West Hampshire
92%
Yorkshire and the Humber North Yorkshire
92%
South West Cornwall
88%
South West Devon
88%
South East Kent
88%
North West Cumbria
83%
East Midlands Norfolk
83%
South west Dorset
79%
East Midlands Lincolnshire
79%
North East Northumberland
79%
East Midlands Suffolk
79%
North West Lancashire
75%
North East Durham
71%
West Midlands Shropshire
71%
South West and West Midlands Gloucestershire
67%
South West Somerset
67%
South West Wiltshire
67%
East Midlands Cambridgeshire
63%
West Midlands Staffordshire
63%
No matching quizzes found
Score Distribution
Percent of People with Each Score
Percentile by Number Answered
Your Score History
You have not taken this quiz